00700nam a2200217Ia 4500003000400000005001700004008004100021020001800062040000700080041000800087082002200095100003800117245003500155260003800190300001500228365001300243906003600256942001200292999001900304952015900323OSt20230410163605.0210423s2009 xx 000 0 und d a9788131507537 cAL aeng a368.01223b MISK aMISHRA (K C);KUMAR (C S) .985698 aElements of actuarial science. aAustraliabCengage Learningc2009 axi,205bPB b250cINR aactuarial ; Elements ; science. 2ddccBK c157119d157119 001040708MCOMaSACPGbSACPGd2009-09-23eKnowledge Worldg250.00l1o368.01 MISKpPG003595q2024-04-27r2024-01-09 00:00:00s2024-01-09w2021-04-26yBK